| 000 | 00803nam a2200253 i 4500 | ||
|---|---|---|---|
| 001 | 106065 | ||
| 003 | ES-MaACL | ||
| 005 | 20250727033925.0 | ||
| 007 | t| | ||
| 008 | 060925s1970 fr ||||1| fre d | ||
| 080 | _a947"1922/.." | ||
| 080 | _a330.85 | ||
| 100 | 1 |
_aVarga, Evgueniï Samoïlovich. _9113186 |
|
| 245 | 1 | 3 |
_aLe testament de Varga / _csuivi de textes inédites de Lénine ; préface de Roger Garaudy. |
| 260 |
_aParis : _bBernard Grasset, _c[1970] |
||
| 300 |
_a185 p. ; _c19 cm. |
||
| 500 | _aBiblioteca Juan Andrade. | ||
| 650 | 7 |
_aComunismo _2embne _911211 |
|
| 651 | 4 |
_aURSS- _xHistoria. _99469 |
|
| 700 | 1 |
_aLenin, Vladimir Il'ich, _d1870-1924 _971523 |
|
| 700 | 1 |
_aGaraudy, Roger. _953935 |
|
| 852 |
_aES-MaACL _jAND-723 _bR.110019 |
||
| 999 |
_c106065 _d106065 |
||